Creación de empleo productivo (Registro nro. 16456)
[ vista simple ]
| 000 -LEADER | |
|---|---|
| fixed length control field | 00324 a2200109 4500 |
| 001 - CONTROL NUMBER | |
| control field | ART_3509 |
| 005 - DATE AND TIME OF LATEST TRANSACTION | |
| control field | 20260410161715.0 |
| 008 - FIXED-LENGTH DATA ELEMENTS--GENERAL INFORMATION | |
| fixed length control field | 260409a |
| 100 1# - MAIN ENTRY--PERSONAL NAME | |
| Personal name | Tokman, Víctor E. |
| 245 10 - TITLE STATEMENT | |
| Title | Creación de empleo productivo |
| 773 0# - HOST ITEM ENTRY | |
| Title | Desarrollo económico |
| Related parts | - Vol. 26, Nº 103 (oct./dic. 1986) |
| Record control number | REV1174 |
No hay ítems disponibles.